| 000 | 00854nac a22002651u 4500 | ||
|---|---|---|---|
| 999 |
_c303 _d303 |
||
| 003 | EG-ScBUE | ||
| 005 | 20191211124333.0 | ||
| 008 | 191211s1992 le f 000 d eng d | ||
| 040 |
_aEG-ScBUE _cEG-ScBUE _beng _dEG-ScBUE _erda |
||
| 082 | 0 | 4 |
_a822.33 _bSHA _222 |
| 100 | 1 |
_aShakespeare, William, _d1564-1616, _eauthor. |
|
| 245 | 1 | 0 |
_aTwelfth night / _cWilliam Shakespeare. |
| 264 | 1 |
_aBeirut : _bYork Press, _c1992. |
|
| 300 |
_axxxv, 193 pages ; _c20 cm. |
||
| 336 |
_2rdacontent _atext _btxt |
||
| 337 |
_2rdamedia _aunmediated _bn |
||
| 338 |
_2rdacarrier _avolume _bnc |
||
| 490 | 0 | _aYork classics | |
| 650 | 7 |
_aShipwreck survival _vDrama. _2BUEsh |
|
| 650 | 7 |
_aBrothers and sisters _vDrama. _2BUEsh _930584 |
|
| 650 | 7 |
_aMistaken identity _vDrama. _2BUEsh |
|
| 653 |
_bHHUUEENN _cDecember2019 |
||
| 655 | _vReading book | ||
| 942 |
_cBB _k823S5272 _2ddc |
||